000 00563nam a2200181 a 4500
005 20140412111335.0
008 031017s19uu xx 00 eng d
020 _a0-02-831014-4
050 _aTR(GS 372.4
_bB35 2000
100 _aBereiter, Carl
245 _aHome connection (green) / :
_cCarl Bereiter & et al.
_bEnglish and Spanish level 2 /
260 _aColumbus, Ohio :
_bSRA/McGraw-Hill,
_c2000.
300 _a86 p.
440 _aSRA: Open Court Reading
650 _aEnglish language--Reading
650 _aSpanish language--Reading
999 _c105018
_d105018